000 00466cam a2200205ua 4500
001 8764
005 20260515114356.0
008 150213n xxk |||gr||||Z||||||eng
020 _a9780199226740
040 _cMAIN
041 _aeng
082 _a821
100 _aJohnson, S,
_eAuthor.
245 1 _aLives of the poets
_cBy Samuel Johnson
250 _a11th.
260 _aLondon:
_bOxford,
_c2010.
300 _a520p.
653 _aEnglish poetry
942 _cBK
999 _c7855
_d7855